Comentarios al código de derecho canónico
Guardat en:
| Autors principals: | , , |
|---|---|
| Altres autors: | |
| Format: | Llibre |
| Idioma: | espanyol llatí |
| Publicat: |
Madrid
Biblioteca de Autores Cristianos
1963
|
| Col·lecció: | Biblioteca de Autores Cristianos
|
| Matèries: | |
| Etiquetes: |
Afegir etiqueta
Sense etiquetes, Sigues el primer a etiquetar aquest registre!
|
MARC
| LEADER | 00000nam a2200000 a 4500 | ||
|---|---|---|---|
| 001 | UCP9248 | ||
| 003 | CL-VaPUC | ||
| 008 | 000324e19630000SP |||||||||||||||||spa|d | ||
| 041 | 0 | 7 | |a spa |2 CL-VaPUC |
| 041 | 0 | 7 | |a lat |2 CL-VaPUC |
| 082 | 0 | 4 | |a 262.9 |b CAB |2 21 |
| 100 | 0 | |a Cabreros de Anta, Marcelino |e author |9 439685 | |
| 700 | 0 | |a Alonso Lobo, Arturo |e author |9 439686 | |
| 700 | 0 | |a Alonso Morán, Sabino |e author |9 439687 | |
| 700 | |a Miguélez Domínguez, Lorenzo |e autor |9 494321 | ||
| 245 | 1 | 0 | |a Comentarios al código de derecho canónico |
| 300 | |a v | ||
| 942 | |c BK | ||
| 945 | |d 20000324 00:00:00 |a vberengu | ||
| 260 | |a Madrid |b Biblioteca de Autores Cristianos |c 1963 | ||
| 500 | |a Donación del Padre Jorge Sapunar | ||
| 500 | |a v.1: Canónes 1- 681 | ||
| 500 | |a v.2: Canónes 682- 1321 | ||
| 500 | |a v.3: Canónes 1322- 1998 | ||
| 650 | 7 | |a COSAS |2 CL-VaPUC |9 400429 | |
| 650 | 7 | |a DERECHO CANONICO |2 CL-VaPUC |9 439689 | |
| 650 | 0 | |a Personas |9 255751 | |
| 583 | |a last modification |c 20000324 00:00:00 |k Rodrigo Vera | ||
| 490 | 0 | |a Biblioteca de Autores Cristianos | |
| 999 | |c 286078 |d 286076 | ||
| 952 | |0 0 |1 0 |4 0 |6 262_900000000000000_CAB_1963 |7 0 |8 A |9 331380 |a BIBDER |b BIBDER |d 2019-11-20 |h v.1 |i 3597636 |o 262.9 CAB 1963 |p 3597636 |r 2023-01-25 |w 2019-11-20 |y BK |k DER | ||
| 952 | |0 0 |1 0 |4 0 |6 262_900000000000000_CAB_1963 |7 0 |8 A |9 331381 |a BIBDER |b BIBDER |d 2019-11-20 |h v.2 |i 3597644 |o 262.9 CAB 1963 |p 3597644 |r 2023-01-25 |w 2019-11-20 |y BK |k DER | ||
| 952 | |0 0 |1 0 |4 0 |6 262_900000000000000_CAB_1963 |7 0 |8 A |9 331382 |a BIBDER |b BIBDER |d 2019-11-20 |h v.3 |i 3597652 |o 262.9 CAB 1963 |p 3597652 |r 2023-01-25 |w 2019-11-20 |y BK |k DER | ||